[Event "Niedersachsen-ch Girls"]
[Site "Rotenburg"]
[Date "2009.04.08"]
[Round "7"]
[White "Lamottke, Svenja"]
[Black "Siewert, Jessica"]
[Result "1-0"]
[WhiteElo "767"]
[BlackElo "908"]
[PlyCount "84"]
[EventDate "2009.04.04"]
[EventType "swiss"]
[EventRounds "9"]
[EventCountry "GER"]
[SourceTitle "EXT 2010"]
[Source "ChessBase"]
[SourceDate "2010.11.25"]
[SourceVersion "1"]
[SourceVersionDate "2010.11.25"]
[SourceQuality "1"]

1. e4 e5 2. Nf3 Nc6 3. Bc4 Nf6 4. Nc3 Nxe4 5. Nxe4 d5 6. d3 dxc4 7. Bg5 Be7 8. Bxe7 Kxe7 9. Qd2 Re8 10. 0-0-0 cxd3 11. Qxd3 Qxd3 12. Rxd3 Nb4 13. Ra3 Bf5 14. Re1 Red8 15. c3 Nd3+ 16. Kd2 Nxe1+ 17. Kxe1 Bxe4 18. Nxe5 Bxg2 19. c4 f6 20. Ng4 Bf3 21. Re3+ Kf7 22. Rxf3 Rd7 23. Rh3 Rad8 24. Ne3 Rd2 25. Rxh7 Rxb2 26. Nf5 Rg8 27. Rh4 Rxa2 28. Rd4 Kg6 29. Ne7+ Kf7 30. Nxg8 Kxg8 31. Rd7 b6 32. Kf1 c5 33. Kg2 Rc2 34. Kg3 Rc3+ 35. Kg4 Rxc4+ 36. Kh5 Kh7 37. Rxa7 Rf4 38. h4 b5 39. f3 b4 40. Rxg7+ Kh8 41. Kh6 Rxh4+ 42. Kg6 Rd4 1-0

[Event "Niedersachsen-ch Girls"]
[Site "Rotenburg"]
[Date "2009.04.07"]
[Round "6"]
[White "Rudolph, Elisa"]
[Black "Lamottke, Svenja"]
[Result "0-1"]
[WhiteElo "788"]
[BlackElo "767"]
[PlyCount "56"]
[EventDate "2009.04.04"]
[EventType "swiss"]
[EventRounds "9"]
[EventCountry "GER"]
[SourceTitle "EXT 2010"]
[Source "ChessBase"]
[SourceDate "2010.11.25"]
[SourceVersion "1"]
[SourceVersionDate "2010.11.25"]
[SourceQuality "1"]

1. e4 e5 2. Nf3 Nc6 3. Bc4 Bc5 4. c3 d6 5. 0-0 Nf6 6. d3 0-0 7. Bg5 Bg4 8. Nbd2 h6 9. Bh4 g5 10. Bg3 Be6 11. Re1 a6 12. Qb3 Qd7 13. Qxb7 Rfb8 14. Qxa8 Rxa8 15. Nb3 Bxc4 16. Nxc5 dxc5 17. dxc4 h5 18. Nxg5 Qg4 19. Nf3 Nxe4 20. h3 Qf5 21. Nh4 Qh7 22. Re2 Rd8 23. Rae1 f5 24. f3 Nxg3 25. Re3 f4 26. Rxe5 Nxe5 27. Rxe5 Rd1+ 28. Kf2 Rf1# 0-1

[Event "Niedersachsen-ch Girls"]
[Site "Rotenburg"]
[Date "2009.04.06"]
[Round "4"]
[White "Warmer, Doreen"]
[Black "Lamottke, Svenja"]
[Result "1-0"]
[WhiteElo "796"]
[BlackElo "767"]
[PlyCount "79"]
[EventDate "2009.04.04"]
[EventType "swiss"]
[EventRounds "9"]
[EventCountry "GER"]
[SourceTitle "EXT 2010"]
[Source "ChessBase"]
[SourceDate "2010.11.25"]
[SourceVersion "1"]
[SourceVersionDate "2010.11.25"]
[SourceQuality "1"]

1. e4 e5 2. Nc3 Nf6 3. Nf3 Nc6 4. Bc4 Bc5 5. d3 d6 6. h3 0-0 7. Bg5 Nb4 8. a3 c6 9. axb4 Bxb4 10. 0-0 h6 11. Bh4 d5 12. exd5 c5 13. Ne4 g5 14. Bg3 Bf5 15. Nxf6+ Qxf6 16. Nxe5 Rfe8 17. Re1 Bxe1 18. Qxe1 Re7 19. Qc3 Rd8 20. Rxa7 h5 21. d4 Rde8 22. Bb5 cxd4 23. Qxd4 Rd8 24. c4 h4 25. Bh2 Qg6 26. f3 Qf6 27. c5 Be6 28. d6 Bb3 29. Qc3 Rxe5 30. Bxe5 Qe6 31. Rxb7 Re8 32. Bxe8 Qxe8 33. Rxb3 Qe6 34. c6 f6 35. d7 Qe7 36. c7 fxe5 37. c8Q+ Kf7 38. Q3c4+ Kf6 39. Rb6+ Kf5 40. Qg4# 1-0

[Event "Niedersachsen-ch Girls"]
[Site "Rotenburg"]
[Date "2009.04.04"]
[Round "1"]
[White "Lamottke, Svenja"]
[Black "Steffens, Skrolan"]
[Result "0-1"]
[WhiteElo "767"]
[BlackElo "1194"]
[PlyCount "74"]
[EventDate "2009.04.04"]
[EventType "swiss"]
[EventRounds "9"]
[EventCountry "GER"]
[SourceTitle "EXT 2010"]
[Source "ChessBase"]
[SourceDate "2010.11.25"]
[SourceVersion "1"]
[SourceVersionDate "2010.11.25"]
[SourceQuality "1"]

1. e4 g6 2. d4 Bg7 3. Nf3 d6 4. h3 a6 5. Nc3 b5 6. Bf4 Bb7 7. a3 Nd7 8. Qd2 c5 9. b3 cxd4 10. Nxd4 Nc5 11. b4 Nxe4 12. Qe3 Nxc3 13. Qxc3 Nf6 14. a4 0-0 15. axb5 Nd5 16. Qd2 Nxf4 17. Qxf4 e5 18. Qd2 exd4 19. bxa6 Re8+ 20. Kd1 Bc6 21. Qd3 Be4 22. Qc4 d5 23. Qe2 d3 24. cxd3 Bxa1 25. dxe4 Rxe4 26. Qd3 Rd4 27. Qxd4 Bxd4 28. Bb5 Qb6 29. Ba4 Rxa6 30. Bc2 Ra1+ 31. Kd2 Qxb4+ 32. Kd3 Qc3+ 33. Ke2 Qxc2+ 34. Kf3 Rxh1 35. Kg3 Qxf2+ 36. Kg4 Qxg2+ 37. Kf4 Rf1# 0-1